000 01815nam a22003974a 4500
001 ebr10266009
003 CaPaEBR
006 m u
007 cr cn|||||||||
008 060125s2006 ilua sb 001 0 eng
010 _z 2006002487
015 _aGBA670624
_2bnb
016 7 _z013532515
_2Uk
020 _z0226100324 (cloth : alk. paper)
020 _z0226100332 (pbk. : alk. paper)
020 _z9780226100326
020 _z9780226100333
040 _aCaPaEBR
_cCaPaEBR
035 _a(OCoLC)646784293
050 1 4 _aBD375
_b.C47 2006eb
082 0 4 _a302/.12
_222
100 1 _aCerulo, Karen A.
245 1 0 _aNever saw it coming
_h[electronic resource] :
_bcultural challenges to envisioning the worst /
_cKaren A. Cerulo.
260 _aChicago :
_bUniversity of Chicago Press,
_cc2006.
300 _aix, 333 p. :
_bill.
504 _aIncludes bibliographical references (p. 279-314) and index.
505 0 _aWhat's the worst that could happen? -- The breadth and scope of positive asymmetry -- Practicing positive asymmetry -- Positive asymmetry and the subjective side of scientific measurement -- Being labeled the worst : real in its consequences? -- Exceptions to the rule -- Emancipating structures and cognitive styles -- Can symmetrical vision be achieved?
533 _aElectronic reproduction.
_bPalo Alto, Calif. :
_cebrary,
_d2013.
_nAvailable via World Wide Web.
_nAccess may be limited to ebrary affiliated libraries.
650 0 _aCatastrophical, The.
650 0 _aCognition and culture.
650 0 _aSocial psychology.
650 0 _aKnowledge, Sociology of.
655 7 _aElectronic books.
_2local
710 2 _aebrary, Inc.
856 4 0 _uhttp://site.ebrary.com/lib/rucke/Doc?id=10266009
_zAn electronic book accessible through the World Wide Web; click to view
999 _c10974
_d10974